Regulation and development: the Indian policy experience of controls over industry (Record no. 769)
[ view plain ]
| 000 -LEADER | |
|---|---|
| fixed length control field | 00596nam a2200193Ia 4500 |
| 020 ## - INTERNATIONAL STANDARD BOOK NUMBER | |
| ISBN | 81-7036-028-5 |
| 082 ## - DEWEY DECIMAL CLASSIFICATION NUMBER | |
| Classification number | 343.5407 MAR-R |
| 100 ## - MAIN ENTRY--AUTHOR NAME | |
| Personal name | Marathe, Sharad S; |
| 245 #0 - TITLE STATEMENT | |
| Title | Regulation and development: the Indian policy experience of controls over industry |
| 260 ## - PUBLICATION, DISTRIBUTION, ETC. (IMPRINT) | |
| Place of publication | New Delhi |
| Name of publisher | Sage Publications |
| Year of publication | 1986 |
| 300 ## - PHYSICAL DESCRIPTION | |
| Number of Pages | 328p. |
| 504 ## - BIBLIOGRAPHY, ETC. NOTE | |
| Bibliography, etc | Includes bibliography |
| 650 ## - SUBJECT ADDED ENTRY--TOPICAL TERM | |
| Topical Term | Industrialization - India |
| 650 ## - SUBJECT ADDED ENTRY--TOPICAL TERM | |
| Topical Term | Industrial policy - India |
| 650 ## - SUBJECT ADDED ENTRY--TOPICAL TERM | |
| Topical Term | Industrial law and legislation - India |
| 650 ## - SUBJECT ADDED ENTRY--TOPICAL TERM | |
| Topical Term | India - Economic policy |
| 650 ## - SUBJECT ADDED ENTRY--TOPICAL TERM | |
| Topical Term | Trade regulation - India |
| 942 ## - ADDED ENTRY ELEMENTS (KOHA) | |
| Koha item type | Books |
| Withdrawn status | Lost status | Damaged status | Not for loan | Home library | Current library | Date acquired | Bill Date | Full call number | Accession Number | Price effective from | Koha item type |
|---|---|---|---|---|---|---|---|---|---|---|---|
| NASSDOC Library | NASSDOC Library | 08/06/2004 | 2004-10-22 | 343.5407 MAR-R | 24441 | 18/04/2019 | Books | ||||
| NASSDOC Library | NASSDOC Library | 08/06/2004 | 2004-10-22 | 343.5407 MAR-R | 24443 | 18/04/2019 | Books |
